| 000 -LEADER |
| fixed length control field |
01321cam a2200421Ia 4500 |
| 001 - CONTROL NUMBER |
| control field |
50188686 |
| 003 - CONTROL NUMBER IDENTIFIER |
| control field |
OCoLC |
| 005 - DATE AND TIME OF LATEST TRANSACTION |
| control field |
20190726141720.0 |
| 008 - FIXED-LENGTH DATA ELEMENTS--GENERAL INFORMATION |
| fixed length control field |
020717t20022001nyu 000 1 eng d |
| 010 ## - LIBRARY OF CONGRESS CONTROL NUMBER |
| LC control number |
00060824 |
| 020 ## - INTERNATIONAL STANDARD BOOK NUMBER |
| International Standard Book Number |
0553381512 |
| Qualifying information |
(pbk.) |
| 020 ## - INTERNATIONAL STANDARD BOOK NUMBER |
| International Standard Book Number |
9780553381511 |
| Qualifying information |
(pbk.) |
| 035 ## - SYSTEM CONTROL NUMBER |
| System control number |
(OCoLC)50188686 |
| Canceled/invalid control number |
(OCoLC)50211963 |
| 040 ## - CATALOGING SOURCE |
| Original cataloging agency |
BRL |
| Language of cataloging |
eng |
| Transcribing agency |
BRL |
| Modifying agency |
OCLCQ |
| -- |
AKD |
| 043 ## - GEOGRAPHIC AREA CODE |
| Geographic area code |
n-us-wa |
| 049 ## - LOCAL HOLDINGS (OCLC) |
| Holding library |
NYPP |
| 082 00 - DEWEY DECIMAL CLASSIFICATION NUMBER |
| Classification number |
FIC KIN |
| Edition number |
21 |
| 091 ## - MICROFILM SHELF LOCATION (AM) [OBSOLETE] |
| Microfilm shelf location |
FIC |
| 100 1# - MAIN ENTRY--PERSONAL NAME |
| Personal name |
King, Laurie R. |
| Relator term |
author |
| 245 10 - TITLE STATEMENT |
| Title |
Folly / |
| Statement of responsibility, etc. |
Laurie R. King. |
| 250 ## - EDITION STATEMENT |
| Edition statement |
Bantam trade pbk. ed. |
| 260 ## - PUBLICATION, DISTRIBUTION, ETC. |
| Place of publication, distribution, etc. |
New York : |
| Name of publisher, distributor, etc. |
Bantam Books, |
| Date of publication, distribution, etc. |
2002, ℗♭2001. |
| 300 ## - PHYSICAL DESCRIPTION |
| Extent |
xviii, 400 pages ; |
| Dimensions |
24 cm. |
| 336 ## - CONTENT TYPE |
| Content type term |
text |
| Content type code |
txt |
| Source |
rdacontent. |
| 337 ## - MEDIA TYPE |
| Media type term |
unmediated |
| Media type code |
n |
| Source |
rdamedia. |
| 338 ## - CARRIER TYPE |
| Carrier type term |
volume |
| Carrier type code |
nc |
| Source |
rdacarrier. |
| 520 0# - SUMMARY, ETC. |
| Summary, etc. |
A chilling tale of a woman who begins an ambitious and desperate undertaking which may transform her life ... or end it. |
| 651 #0 - SUBJECT ADDED ENTRY--GEOGRAPHIC NAME |
| Geographic name |
San Juan County (Wash.) |
| Form subdivision |
Fiction. |
| 651 #7 - SUBJECT ADDED ENTRY--GEOGRAPHIC NAME |
| Geographic name |
Washington (State) |
| Geographic subdivision |
San Juan County. |
| Source of heading or term |
fast |
| Authority record control number or standard number |
(OCoLC)fst01235048. |
| 655 #7 - INDEX TERM--GENRE/FORM |
| Genre/form data or focus term |
Fiction. |
| Source of term |
fast |
| Authority record control number or standard number |
(OCoLC)fst01423787. |
| 655 #7 - INDEX TERM--GENRE/FORM |
| Genre/form data or focus term |
Detective and mystery fiction. |
| Source of term |
lcgft. |
| 901 ## - LOCAL DATA ELEMENT A, LDA (RLIN) |
| a |
MARS |
| 901 ## - LOCAL DATA ELEMENT A, LDA (RLIN) |
| a |
rn |
| b |
CATBL |
| 908 #4 - PUT COMMAND PARAMETER (RLIN) |
| Put command parameter |
PS3561.I4813 |
| 942 ## - ADDED ENTRY ELEMENTS (KOHA) |
| Source of classification or shelving scheme |
|
| Koha item type |
Books - Fiction |
| 945 ## - LOCAL PROCESSING INFORMATION (OCLC) |
| a |
.b211369603 |
| 946 ## - LOCAL PROCESSING INFORMATION (OCLC) |
| a |
m |